000 01049 a2200217 4500
003 Nust
005 20221219125739.0
010 _a 81015871
020 _a0131535021 (pbk.) :
040 _cNust
082 0 0 _a080, STA
100 1 _aStano, Michael E.
_9105205
245 1 0 _aCommunication in interviews /
_cMichael E. Stano, N.L. Reinsch, Jr.
260 _aEnglewood Cliffs, N.J. :
_bPrentice-Hall,
_cc1982.
300 _avi, 233 p. :
_bill. ;
_c23 cm.
505 _aAn Introduction To Interview (Page-1), Common Characteristics Of Interviews (Page-26), The Survey Interview (Page-51),The Journalistic Interview (Page-78), The Appraisal Interview (Page-99), The Selection Interview For The Interviewer (Page-120), The Selection Interview For The Interviewee(Page-139), The Non Professional Counseling Interview (Page-152), The Medical Interview (Page-179), The Legal Interview (Page-197), The Sales Interview (Page-212).
650 0 _aCommunication.
650 0 _aInterviewing.
_930633
700 1 _aReinsch, N. L.
_9105206
942 _2ddc
_cBK
999 _c188530
_d188530